000 01458cam a22003737a 4500
001 13728980
005 20061219145314.0
008 040923s2004 nyua 001 0 eng d
010 _a2004556694
020 _a0071438270 (pbk.)
020 _a9780071438278
035 _a(OCoLC)ocm55956438
040 _aIMmBT
_cJPL
_dJPL
_dDLC
042 _alccopycat
050 0 0 _aQM32
_b.L39 2004
082 0 4 _a611
_222
_bLAY
100 1 _aLayman, Dale Pierre.
_923972
245 1 0 _aAnatomy Demystified /
_cDale Pierre Layman.
260 _aNew York :
_bMcGraw-Hill, 2004
_cc2004.
300 _axx, 412 p. :
_bill. ;
_c24 cm.
490 1 _aDemystified series
_923973
500 _a"A self-teaching guide"--Cover.
500 _aIncludes index.
541 _aDr. Shahrazad ;
650 0 _aHuman anatomy.
_923974
653 _bNUR
_cMay2011
830 0 _aMcGraw-Hill "Demystified" series.
_923975
856 4 2 _3Contributor biographical information
_uhttp://www.loc.gov/catdir/bios/mh051/2004556694.html
856 4 1 _3Table of contents
_uhttp://www.loc.gov/catdir/toc/mh051/2004556694.html
856 4 2 _3Publisher description
_uhttp://www.loc.gov/catdir/enhancements/fy0704/2004556694-d.html
942 _2ddc
_cNRB
999 _c15343
_d15343